| 000 | 00537cam a22002291 4500 | ||
|---|---|---|---|
| 001 | sa 65000758 | ||
| 003 | DLC | ||
| 005 | 20260227112105.0 | ||
| 008 | 950207s1963 ii 000 1 tamo | ||
| 010 | _asa 65000758 | ||
| 025 | _aPL480:I-T-923 | ||
| 035 | _a(OCoLC)31950878 | ||
| 040 |
_aDLC _cCU _dCU _dDLC |
||
| 042 | _apremarc | ||
| 050 | 0 | 0 |
_aPL4758.9.C44 _bK6 |
| 100 | 0 | _aCentur̲aimuttu. | |
| 245 | 1 | 0 | _aKōtaiyin̲ cātan̲ai. |
| 260 | _c[1963] | ||
| 300 |
_a183 p. _c19 cm. |
||
| 500 | _aIn Tamil. | ||
| 500 | _aA novel. | ||
| 999 |
_c61724 _d61724 |
||